[Event "66th Mens Championship of Poland"]
[Site "Chotowa"]
[Date "2009.01.30"]
[Round "5.5"]
[White "Wojtaszek, Radoslaw"]
[Black "Swiercz, Dariusz"]
[Result "1-0"]
[WhiteElo "2608"]
[BlackElo "2472"]
[PlyCount "57"]
[EventDate "2009.??.??"]

1. d4 Nf6 2. c4 g6 3. Nc3 Bg7 4. e4 d6 5. Nf3 O-O 6. Be2 e5 7. O-O Nc6 8. d5
Ne7 9. b4 Nd7 10. Be3 f5 11. Ng5 Nf6 12. f3 c6 13. c5 cxd5 14. exd5 Bh6 15.
cxd6 Qxd6 16. Bc5 Qd8 17. Qb3 Kg7 18. Ne6+ Bxe6 19. dxe6 a6 20. Rad1 Qe8 21. b5
b6 22. Bxb6 axb5 23. Bxb5 Qb8 24. Bc5 Rc8 25. Bd6 Qa7+ 26. Kh1 Kh8 27. Bd7 Rcb8
28. Nb5 Qa5 29. Bxe7 1-0

[Event "66th Mens Championship of Poland"]
[Site "Chotowa"]
[Date "2009.01.30"]
[Round "5.6"]
[White "Macieja, Bartlomiej"]
[Black "Bartel, Mateusz"]
[Result "1-0"]
[WhiteElo "2607"]
[BlackElo "2594"]
[PlyCount "99"]
[EventDate "2009.??.??"]

1. e4 e5 2. Nf3 Nc6 3. Bb5 a6 4. Ba4 Nf6 5. O-O Be7 6. Bxc6 dxc6 7. d3 Nd7 8.
Nbd2 O-O 9. Nc4 f6 10. Nh4 Nc5 11. Nf5 Bxf5 12. exf5 Qd5 13. Re1 Rad8 14. Qg4
b5 15. Nd2 Qf7 16. Qf3 Rd5 17. Nf1 Rfd8 18. Ne3 R5d6 19. b3 Qe8 20. Ba3 Rd4 21.
Bb2 R4d6 22. Ba3 Rd4 23. Bb2 R4d6 24. Nf1 Qd7 25. Re3 Bf8 26. Rae1 Qf7 27. Qg4
Nd7 28. Rh3 Be7 29. Re4 Nf8 30. Rg3 Kh8 31. Qf3 R6d7 32. Reg4 g6 33. Bxe5 g5
34. Bb2 Kg8 35. Qxc6 Rd5 36. Ne3 Rc5 37. Qxa6 Rd6 38. Qc8 Rd8 39. Qb7 h5 40.
Re4 Bd6 41. d4 Nd7 42. dxc5 Nxc5 43. Qc6 Nxe4 44. Qxe4 Bxg3 45. hxg3 Rd6 46.
Qa8+ Kg7 47. Ba3 Rd7 48. Bc5 h4 49. gxh4 gxh4 50. Qf3 1-0

[Event "66th Mens Championship of Poland"]
[Site "Chotowa"]
[Date "2009.01.31"]
[Round "6.1"]
[White "Olszewski, Michal"]
[Black "Bartel, Mateusz"]
[Result "0-1"]
[WhiteElo "2517"]
[BlackElo "2594"]
[PlyCount "92"]
[EventDate "2009.??.??"]

1. d4 d5 2. c4 e6 3. Nf3 Nf6 4. Nc3 Bb4 5. cxd5 exd5 6. Bg5 O-O 7. e3 Be6 8.
Rc1 Nbd7 9. a3 Bxc3+ 10. Rxc3 h6 11. Bxf6 Nxf6 12. Qc2 Ne4 13. Rb3 c5 14. dxc5
Rc8 15. Qd1 Nxc5 16. Rc3 Qb6 17. b4 Ne4 18. Rxc8 Rxc8 19. Nd4 Qc7 20. Qa1 Qc1+
21. Qxc1 Rxc1+ 22. Ke2 Ra1 23. f3 Ra2+ 24. Ke1 Nd6 25. Rg1 Nf5 26. Nxf5 Bxf5
27. Be2 Rxa3 28. Kf2 a6 29. Rd1 Be6 30. Rc1 Bd7 31. Rc5 Bc6 32. Rc2 Kf8 33. Rb2
Ba4 34. Rd2 Rb3 35. Rd4 Bc6 36. f4 Ke7 37. g4 Rb2 38. Kf3 g6 39. h4 f5 40. Bd3
fxg4+ 41. Kxg4 Kf6 42. Kg3 Rd2 43. Kf3 Bb5 44. Bxb5 Rxd4 45. exd4 axb5 46. Kg4
h5+ 0-1

[Event "66th Mens Championship of Poland"]
[Site "Chotowa"]
[Date "2009.01.31"]
[Round "6.2"]
[White "Swiercz, Dariusz"]
[Black "Macieja, Bartlomiej"]
[Result "0-1"]
[WhiteElo "2472"]
[BlackElo "2607"]
[PlyCount "138"]
[EventDate "2009.??.??"]

1. e4 c5 2. Nf3 Nc6 3. d4 cxd4 4. Nxd4 Qc7 5. Nc3 e6 6. Be3 a6 7. Be2 Nf6 8.
O-O Bb4 9. Na4 Be7 10. Nxc6 bxc6 11. Nb6 Rb8 12. Nxc8 Qxc8 13. Bd4 c5 14. Be5
Rb6 15. Qd3 d6 16. Bc3 O-O 17. b3 d5 18. exd5 Nxd5 19. Be5 Bf6 20. Bxf6 Nxf6
21. Rad1 h6 22. Qc3 Qc7 23. Qa5 Rfb8 24. Bf3 e5 25. Rfe1 e4 26. Bxe4 Ng4 27. g3
Nxf2 28. Rd5 Nh3+ 29. Kh1 Nf2+ 30. Kg2 Nxe4 31. Rxe4 Qb7 32. c4 Re6 33. Qe1
Rbe8 34. Rxe6 Rxe6 35. Qf2 Qe7 36. Rd2 Re3 37. Qf5 g6 38. Qd5 Re2+ 39. Rxe2
Qxe2+ 40. Kg1 Qe1+ 41. Kg2 Qe2+ 42. Kg1 Qe3+ 43. Kg2 Kg7 44. h4 Qe2+ 45. Kh3
Qf1+ 46. Kh2 Qe2+ 47. Kh3 Qf1+ 48. Kh2 Qf2+ 49. Kh3 Qf5+ 50. Qxf5 gxf5 51. Kg2
Kf6 52. Kf3 Ke5 53. h5 f4 54. g4 a5 55. a3 f6 56. a4 f5 57. g5 hxg5 58. h6 Kf6
59. b4 axb4 60. a5 b3 61. h7 Kg7 62. a6 b2 63. a7 b1=Q 64. h8=Q+ Kxh8 65. a8=Q+
Kg7 66. Qa7+ Kg6 67. Qa6+ Kh5 68. Qa2 Qf1+ 69. Qf2 g4+ 0-1

[Event "66th Mens Championship of Poland"]
[Site "Chotowa"]
[Date "2009.01.31"]
[Round "6.3"]
[White "Miton, Kamil"]
[Black "Wojtaszek, Radoslaw"]
[Result "1/2-1/2"]
[WhiteElo "2595"]
[BlackElo "2608"]
[PlyCount "40"]
[EventDate "2009.??.??"]

1. d4 Nf6 2. c4 e6 3. g3 c5 4. d5 exd5 5. cxd5 d6 6. Nc3 g6 7. Bg2 Bg7 8. Nf3
O-O 9. O-O a6 10. a4 Nbd7 11. Bf4 Qe7 12. h3 Rb8 13. Rb1 Nh5 14. Bg5 f6 15. Bd2
f5 16. Qc1 Nhf6 17. b4 cxb4 18. Rxb4 Nc5 19. Nd4 Bd7 20. Qb1 Rbc8 1/2-1/2

[Event "66th Mens Championship of Poland"]
[Site "Chotowa"]
[Date "2009.01.31"]
[Round "6.4"]
[White "Mista, Aleksander"]
[Black "Tomczak, Jacek"]
[Result "1-0"]
[WhiteElo "2559"]
[BlackElo "2465"]
[PlyCount "111"]
[EventDate "2009.??.??"]

1. e4 d5 2. exd5 Qxd5 3. Nc3 Qa5 4. d4 Nf6 5. Nf3 c6 6. Bc4 Bf5 7. Bd2 e6 8.
Nd5 Qd8 9. Nxf6+ gxf6 10. Bb3 Nd7 11. Qe2 Qc7 12. Nh4 Bg6 13. O-O-O O-O-O 14.
g3 Kb8 15. Kb1 Rc8 16. Nxg6 hxg6 17. h4 f5 18. c4 Ka8 19. d5 e5 20. Bc3 cxd5
21. Rxd5 f6 22. Rhd1 Nb6 23. R5d2 Qc6 24. a3 Bc5 25. Ka2 a6 26. Bc2 Bxa3 27.
Kxa3 Nxc4+ 28. Ka2 Nxd2 29. Qxd2 Qb6 30. Qe3 Qxe3 31. fxe3 Rcd8 32. Rf1 Rd6 33.
e4 fxe4 34. Bxe4 Rg8 35. g4 Rh8 36. Rh1 Rg8 37. h5 gxh5 38. gxh5 Rh8 39. Bg6
Rh6 40. Bb4 Rd8 41. Rf1 a5 42. Bxa5 Rd6 43. Bb4 Ra6+ 44. Kb3 f5 45. Rxf5 Raxg6
46. hxg6 Rxg6 47. Rxe5 Ka7 48. Rd5 Rg4 49. Rd6 Kb8 50. Ba5 Ka7 51. Bb6+ Ka6 52.
Be3+ Ka5 53. Kc3 Re4 54. Bd4 Re7 55. b4+ Kb5 56. Kb3 1-0

[Event "66th Mens Championship of Poland"]
[Site "Chotowa"]
[Date "2009.01.31"]
[Round "6.5"]
[White "Piorun, Kacper"]
[Black "Gajewski, Grzegorz"]
[Result "1-0"]
[WhiteElo "2464"]
[BlackElo "2581"]
[PlyCount "73"]
[EventDate "2009.??.??"]

1. e4 c6 2. Nc3 d5 3. Nf3 Bg4 4. h3 Bxf3 5. Qxf3 e6 6. d3 Nd7 7. g3 g6 8. Bg2
Bg7 9. O-O Ne7 10. Qe2 O-O 11. f4 b5 12. Nd1 c5 13. exd5 exd5 14. c4 Re8 15.
Qf3 Nf5 16. Nc3 Nf6 17. cxb5 Nh5 18. Bd2 Nhxg3 19. Rfe1 Qh4 20. Nxd5 Nd4 21.
Qg4 Nge2+ 22. Kh2 Qd8 23. Rab1 f5 24. Qg5 Qd6 25. Qh4 Re6 26. Nc7 Qxc7 27. Bxa8
g5 28. Qxg5 Rg6 29. Bd5+ Kf8 30. Qh4 Qd6 31. Ba8 Bh6 32. Kh1 Ng3+ 33. Kh2 Nde2
34. Bc6 Qxd3 35. Rbd1 Ne4 36. Bc1 Nxf4 37. Rxd3 1-0

[Event "66th Mens Championship of Poland"]
[Site "Chotowa"]
[Date "2009.01.31"]
[Round "6.6"]
[White "Kanarek, Marcel"]
[Black "Dziuba, Marcin"]
[Result "1-0"]
[WhiteElo "2453"]
[BlackElo "2556"]
[PlyCount "73"]
[EventDate "2009.??.??"]

1. e4 c5 2. Nf3 d6 3. d4 cxd4 4. Nxd4 Nf6 5. Nc3 a6 6. Bg5 e6 7. f4 Qc7 8. Bxf6
gxf6 9. Qd2 Nc6 10. Nb3 Bd7 11. Be2 h5 12. O-O-O O-O-O 13. Kb1 Kb8 14. Rhf1 Be7
15. Rf3 Na5 16. Rh3 h4 17. Qe1 Nxb3 18. axb3 d5 19. exd5 Qxf4 20. Rhd3 Bc8 21.
g3 Qe5 22. Qf2 hxg3 23. hxg3 f5 24. Bf3 Rhg8 25. Bh1 Qc7 26. Qd2 Rd6 27. Na4 b5
28. Rc3 Qa7 29. Nc5 Bf6 30. Qf4 e5 31. Qb4 Rg4 32. Ne4 Be7 33. Nxd6 Bd7 34. Qa5
Rd4 35. Rxd4 exd4 36. Rd3 Qc5 37. Nxf7 1-0

[Event "66th Mens Championship of Poland"]
[Site "Chotowa"]
[Date "2009.02.02"]
[Round "7.1"]
[White "Dziuba, Marcin"]
[Black "Olszewski, Michal"]
[Result "0-1"]
[WhiteElo "2556"]
[BlackElo "2517"]
[PlyCount "56"]
[EventDate "2009.??.??"]

1. d4 Nf6 2. c4 e6 3. Nc3 Bb4 4. g3 c5 5. Nf3 Ne4 6. Qd3 Qa5 7. Qxe4 Bxc3+ 8.
Bd2 Bxd2+ 9. Nxd2 Nc6 10. d5 Nd4 11. a3 O-O 12. Bg2 exd5 13. cxd5 d6 14. b4 Qa6
15. bxc5 dxc5 16. O-O Bf5 17. Qh4 Qxe2 18. Rad1 Rfe8 19. d6 Bc2 20. Rfe1 Qxe1+
21. Rxe1 Rxe1+ 22. Nf1 Bd3 23. Qh5 f5 24. d7 Rd8 25. h4 Rxd7 26. g4 g6 27. Qh6
fxg4 28. h5 Nf3+ 0-1

[Event "66th Mens Championship of Poland"]
[Site "Chotowa"]
[Date "2009.02.02"]
[Round "7.2"]
[White "Gajewski, Grzegorz"]
[Black "Kanarek, Marcel"]
[Result "1-0"]
[WhiteElo "2581"]
[BlackElo "2453"]
[PlyCount "93"]
[EventDate "2009.??.??"]

1. d4 Nf6 2. c4 g6 3. Nc3 Bg7 4. e4 d6 5. Nf3 O-O 6. Be2 e5 7. O-O Nbd7 8. Re1
c6 9. Bf1 Qe7 10. Rb1 a5 11. b3 exd4 12. Nxd4 Re8 13. Be3 Nc5 14. f3 Nfd7 15.
Qd2 Ne5 16. Rbd1 a4 17. b4 Ne6 18. f4 Ng4 19. Nxe6 fxe6 20. e5 dxe5 21. Bc5 Qh4
22. g3 Qh5 23. h3 exf4 24. hxg4 Qxg4 25. Ne4 e5 26. Qe2 f3 27. Qh2 Bf5 28. Nf2
Qg5 29. Be3 Qe7 30. g4 Be6 31. Bc5 Qg5 32. Qg3 h5 33. Be3 Qe7 34. gxh5 gxh5 35.
Bh6 Kh7 36. Bd3+ Kh8 37. Qg6 Bf6 38. Qxh5 Rg8+ 39. Bg5+ Kg7 40. Rxe5 Kf8 41.
Bg6 Bxg5 42. Rxg5 Qf6 43. Rg3 Bf7 44. Qc5+ Qe7 45. Rd7 Qxc5 46. Rxf7+ Ke8 47.
Rg7+ 1-0

[Event "66th Mens Championship of Poland"]
[Site "Chotowa"]
[Date "2009.02.02"]
[Round "7.3"]
[White "Tomczak, Jacek"]
[Black "Piorun, Kacper"]
[Result "1/2-1/2"]
[WhiteElo "2465"]
[BlackElo "2464"]
[PlyCount "66"]
[EventDate "2009.??.??"]

1. e4 e6 2. d4 d5 3. Nc3 Nf6 4. Bg5 Bb4 5. e5 h6 6. Bd2 Bxc3 7. bxc3 Ne4 8. Qg4
g6 9. Qf4 c5 10. Bd3 Nxd2 11. Qxd2 Nc6 12. Nf3 c4 13. Be2 Qe7 14. a3 Bd7 15. h4
O-O-O 16. h5 g5 17. Nh2 f5 18. exf6 Qxf6 19. Ng4 Qf4 20. Qxf4 gxf4 21. Bf3 Rdf8
22. Rh4 Kc7 23. Nh2 Be8 24. Rd1 Kd6 25. Ke2 Rf5 26. Bg4 Rg5 27. Nf3 Rg7 28. Re1
Rf8 29. Kd2 Rf6 30. Bh3 Nd8 31. Ne5 Rf8 32. Ke2 Rg5 33. Bg4 Nc6 1/2-1/2

[Event "66th Mens Championship of Poland"]
[Site "Chotowa"]
[Date "2009.02.02"]
[Round "7.4"]
[White "Wojtaszek, Radoslaw"]
[Black "Mista, Aleksander"]
[Result "1-0"]
[WhiteElo "2608"]
[BlackElo "2559"]
[PlyCount "105"]
[EventDate "2009.??.??"]

1. d4 d5 2. c4 dxc4 3. e4 Nf6 4. e5 Nd5 5. Bxc4 Nb6 6. Bd3 Nc6 7. Be3 Nb4 8.
Be4 f5 9. exf6 exf6 10. Nc3 f5 11. Bb1 Be7 12. Nf3 O-O 13. O-O N4d5 14. Bd2 c6
15. Re1 Qd6 16. a3 Bf6 17. Ba2 Kh8 18. Ne5 Be6 19. Nxd5 Nxd5 20. Bb4 Nxb4 21.
Bxe6 Bxe5 22. Rxe5 Rae8 23. Bb3 Na6 24. Qe2 Nc7 25. Rd1 Rd8 26. h4 Qf6 27. h5
Nb5 28. Qe3 Qh4 29. Re7 Qxh5 30. Qe5 Qg5 31. d5 cxd5 32. Bxd5 h6 33. Re1 Nd6
34. Re3 Ne4 35. Bxe4 Rd1+ 36. Kh2 fxe4 37. Qxg5 hxg5 38. Re2 Rf6 39. Rxb7 Rd3
40. g3 e3 41. fxe3 a6 42. Kh3 Kh7 43. Kg4 Kg6 44. Re7 Rd5 45. Rc2 Rb6 46. Rec7
Re6 47. R7c6 Rde5 48. Rxe6+ Rxe6 49. Rc3 Kf6 50. b4 g6 51. Kf3 Ke7 52. Rc5 Kf6
53. g4 1-0

[Event "66th Mens Championship of Poland"]
[Site "Chotowa"]
[Date "2009.02.02"]
[Round "7.6"]
[White "Bartel, Mateusz"]
[Black "Swiercz, Dariusz"]
[Result "1-0"]
[WhiteElo "2594"]
[BlackElo "2472"]
[PlyCount "85"]
[EventDate "2009.??.??"]

1. e4 c5 2. Nf3 d6 3. d4 cxd4 4. Nxd4 Nf6 5. Nc3 a6 6. Be3 e5 7. Nb3 Be6 8. f4
Ng4 9. Bd2 exf4 10. Bxf4 Ne5 11. Qd2 Nbd7 12. O-O-O Be7 13. Nd4 g6 14. h4 Qc7
15. g3 Nc5 16. h5 O-O-O 17. Bh3 Kb8 18. Bxe6 fxe6 19. b4 g5 20. bxc5 gxf4 21.
Nxe6 Qa5 22. Nb1 Qxa2 23. Nxd8 Rxd8 24. gxf4 Nc4 25. Qc3 Rc8 26. Qb3 Qxb3 27.
cxb3 Na5 28. b4 Nc4 29. Rd4 b5 30. Nd2 dxc5 31. Rd7 Bf8 32. bxc5 Bxc5 33. Nxc4
Be3+ 34. Kd1 Rxc4 35. Ke2 Bxf4 36. Kf3 Bc7 37. Rxh7 b4 38. Rg7 Rc3+ 39. Ke2 Be5
40. Re7 Bh2 41. h6 b3 42. h7 Rc8 43. Rb1 1-0

[Event "66th Mens Championship of Poland"]
[Site "Chotowa"]
[Date "2009.02.03"]
[Round "8.1"]
[White "Olszewski, Michal"]
[Black "Swiercz, Dariusz"]
[Result "1-0"]
[WhiteElo "2517"]
[BlackElo "2472"]
[PlyCount "167"]
[EventDate "2009.??.??"]

1. d4 Nf6 2. c4 g6 3. Nc3 Bg7 4. e4 d6 5. h3 O-O 6. Bg5 Nbd7 7. Nf3 e5 8. d5 a5
9. Nd2 Nc5 10. Be2 Bd7 11. g4 c6 12. Qc2 cxd5 13. exd5 h6 14. Be3 b6 15. Nf1
Ne8 16. h4 f5 17. gxf5 gxf5 18. Ng3 f4 19. Bxc5 fxg3 20. Be3 g2 21. Rg1 Qxh4
22. Qe4 Qxe4 23. Nxe4 Bh3 24. Rc1 Nf6 25. Nxd6 e4 26. Bd4 e3 27. fxe3 Rad8 28.
Nb5 Ne4 29. Bxg7 Kxg7 30. Nd4 Ng5 31. c5 bxc5 32. Rxc5 Rde8 33. Rc3 Rf7 34.
Ne6+ Bxe6 35. dxe6 Rxe6 36. Rxg2 Rfe7 37. Rg3 Kf6 38. Bc4 Rb6 39. Rc2 Rd6 40.
b3 Red7 41. Be2 Re7 42. Rc5 Ne4 43. Rf3+ Kg7 44. Rxa5 Rc7 45. Bc4 Rcd7 46. Rf4
Rd1+ 47. Ke2 R1d2+ 48. Kf3 Ng5+ 49. Kg4 Re7 50. Rd4 Rg2+ 51. Kf5 Ne4 52. Ra6
Rf2+ 53. Kg4 Rg2+ 54. Kh3 Rg3+ 55. Kh2 Rxe3 56. a4 Rc3 57. a5 Ng5 58. Kg2 Rc2+
59. Kg3 Rc3+ 60. Kf4 Rh3 61. Kf5 Rf3+ 62. Rf4 Rg3 63. Rg6+ Kh7 64. Rb6 Nh3 65.
Rh4 Rf3+ 66. Kg4 Rf4+ 67. Kxh3 Re3+ 68. Kg2 Rxh4 69. Rb7+ Kg6 70. a6 Rhh3 71.
Bd5 Reg3+ 72. Kf2 Rc3 73. Be4+ Kf6 74. a7 Rh2+ 75. Bg2 Rc2+ 76. Ke3 Rhxg2 77.
Rb6+ Ke5 78. Rb5+ Kd6 79. a8=Q Rce2+ 80. Kd3 Rd2+ 81. Kc3 Rc2+ 82. Kb4 Rg4+ 83.
Ka3 Rgg2 84. Qd5+ 1-0

[Event "66th Mens Championship of Poland"]
[Site "Chotowa"]
[Date "2009.02.03"]
[Round "8.2"]
[White "Miton, Kamil"]
[Black "Bartel, Mateusz"]
[Result "1/2-1/2"]
[WhiteElo "2595"]
[BlackElo "2594"]
[PlyCount "50"]
[EventDate "2009.??.??"]

1. d4 Nf6 2. c4 e6 3. g3 d5 4. Bg2 dxc4 5. Nf3 Nc6 6. O-O Rb8 7. Nc3 b5 8. e4
Be7 9. Qe2 b4 10. Na4 Ba6 11. Rd1 Bb5 12. Qc2 b3 13. axb3 cxb3 14. Qc3 Nxe4 15.
Qxb3 O-O 16. Qc2 Nf6 17. Nc3 Nb4 18. Qb1 a6 19. Nxb5 axb5 20. Ne5 Nd7 21. Nc6
Nxc6 22. Bxc6 Nf6 23. Qd3 b4 24. Qc4 Nd5 25. Ra5 Bd6 1/2-1/2

[Event "66th Mens Championship of Poland"]
[Site "Chotowa"]
[Date "2009.02.03"]
[Round "8.3"]
[White "Mista, Aleksander"]
[Black "Macieja, Bartlomiej"]
[Result "1/2-1/2"]
[WhiteElo "2559"]
[BlackElo "2607"]
[PlyCount "49"]
[EventDate "2009.??.??"]

1. e4 c6 2. d4 d5 3. exd5 cxd5 4. Bd3 Nc6 5. c3 Nf6 6. Bf4 Bg4 7. Qb3 Qc8 8.
Nd2 e6 9. h3 Bh5 10. Ngf3 Be7 11. O-O O-O 12. Rfe1 a6 13. Ne5 Nxe5 14. Bxe5 Bg6
15. Bxg6 hxg6 16. c4 dxc4 17. Nxc4 Nd5 18. Rac1 Qd7 19. Nb6 Nxb6 20. Qxb6 Rfc8
21. Bc7 Qd5 22. Re5 Qd7 23. Re2 Bf6 24. Qxb7 Bxd4 25. Qe4 1/2-1/2

[Event "66th Mens Championship of Poland"]
[Site "Chotowa"]
[Date "2009.02.03"]
[Round "8.4"]
[White "Piorun, Kacper"]
[Black "Wojtaszek, Radoslaw"]
[Result "0-1"]
[WhiteElo "2464"]
[BlackElo "2608"]
[PlyCount "52"]
[EventDate "2009.??.??"]

1. e4 c6 2. d4 d5 3. Nc3 dxe4 4. Nxe4 Bf5 5. Ng3 Bg6 6. h4 h6 7. Nf3 Nf6 8. Ne5
Bh7 9. Bd3 Bxd3 10. Qxd3 e6 11. f4 Nbd7 12. Bd2 Be7 13. O-O-O c5 14. Qb5 Qc7
15. dxc5 O-O 16. c6 Nxe5 17. fxe5 Nd5 18. Nh5 Rac8 19. Qb3 Qxc6 20. Bxh6 gxh6
21. Qg3+ Bg5+ 22. Kb1 Qxc2+ 23. Ka1 Rc3 24. Qe1 Re3 25. Qg1 Re2 26. Qd4 Re4 0-1

[Event "66th Mens Championship of Poland"]
[Site "Chotowa"]
[Date "2009.02.03"]
[Round "8.5"]
[White "Kanarek, Marcel"]
[Black "Tomczak, Jacek"]
[Result "0-1"]
[WhiteElo "2453"]
[BlackElo "2465"]
[PlyCount "64"]
[EventDate "2009.??.??"]

1. e4 c6 2. d4 d5 3. Nc3 dxe4 4. Nxe4 Bf5 5. Ng3 Bg6 6. h4 h6 7. Nf3 Nd7 8. h5
Bh7 9. Bd3 Bxd3 10. Qxd3 e6 11. Bd2 Ngf6 12. O-O-O Be7 13. Qe2 O-O 14. Nf1 Kh8
15. Ne5 c5 16. Bc3 Nxe5 17. dxe5 Nd5 18. Bd2 c4 19. Qxc4 Rc8 20. Qe4 f5 21.
exf6 Bxf6 22. Ne3 Qb6 23. c3 Bg5 24. Rhf1 Rxf2 25. Rxf2 Nxe3 26. Rf7 Nxd1 27.
Bxg5 Qg1 28. Kc2 hxg5 29. Qxb7 Ne3+ 30. Kb3 Qd1+ 31. Ka3 Nc4+ 32. Kb4 a5+ 0-1

[Event "66th Mens Championship of Poland"]
[Site "Chotowa"]
[Date "2009.02.03"]
[Round "8.6"]
[White "Dziuba, Marcin"]
[Black "Gajewski, Grzegorz"]
[Result "1/2-1/2"]
[WhiteElo "2556"]
[BlackElo "2581"]
[PlyCount "50"]
[EventDate "2009.??.??"]

1. d4 Nf6 2. c4 e6 3. Nf3 d5 4. Nc3 Be7 5. Bg5 h6 6. Bh4 O-O 7. e3 b6 8. Bd3
Bb7 9. O-O Nbd7 10. Qe2 c5 11. Rfd1 Ne4 12. Bxe7 Qxe7 13. cxd5 exd5 14. Rac1
Rac8 15. dxc5 bxc5 16. Bxe4 dxe4 17. Nd2 Rfd8 18. Nc4 Ba6 19. Nd5 Qe6 20. Nf4
Qe7 21. Nd5 Qe6 22. Nf4 Qe7 23. Qc2 Ne5 24. Nxe5 Qxe5 25. h3 Bd3 1/2-1/2

[Event "66th Mens Championship of Poland"]
[Site "Chotowa"]
[Date "2009.02.04"]
[Round "9.1"]
[White "Gajewski, Grzegorz"]
[Black "Olszewski, Michal"]
[Result "1-0"]
[WhiteElo "2581"]
[BlackElo "2517"]
[PlyCount "47"]
[EventDate "2009.??.??"]

1. d4 Nf6 2. c4 e6 3. Nc3 Bb4 4. e3 O-O 5. Bd3 c5 6. Nf3 b6 7. O-O Bb7 8. Na4
Qe7 9. a3 Ba5 10. e4 Nxe4 11. dxc5 bxc5 12. Bf4 Rc8 13. Bxe4 Bxe4 14. Bd6 Qf6
15. Ne5 Na6 16. f4 Bc7 17. Bxc7 Rxc7 18. Qd6 Bb7 19. b4 cxb4 20. axb4 Qd8 21.
b5 Nb8 22. f5 Rc8 23. fxe6 fxe6 24. Nc5 1-0

[Event "66th Mens Championship of Poland"]
[Site "Chotowa"]
[Date "2009.02.04"]
[Round "9.2"]
[White "Tomczak, Jacek"]
[Black "Dziuba, Marcin"]
[Result "0-1"]
[WhiteElo "2465"]
[BlackElo "2556"]
[PlyCount "56"]
[EventDate "2009.??.??"]

1. e4 c6 2. d4 d5 3. Nc3 dxe4 4. Nxe4 Bf5 5. Ng3 Bg6 6. h4 h6 7. Nf3 Nd7 8. h5
Bh7 9. Bd3 Bxd3 10. Qxd3 e6 11. Bd2 Ngf6 12. O-O-O Be7 13. Qe2 c5 14. Rhe1 O-O
15. Nf5 cxd4 16. N3xd4 Bc5 17. Nxh6+ gxh6 18. Bxh6 Re8 19. Qf3 Bf8 20. Bg5 Rc8
21. Nb3 Qc7 22. c3 Nd5 23. Re4 f6 24. Be3 Ne5 25. Qg3+ Kh8 26. Bd2 Qh7 27. Rde1
Nb4 28. Rxb4 Bxb4 0-1

[Event "66th Mens Championship of Poland"]
[Site "Chotowa"]
[Date "2009.02.04"]
[Round "9.4"]
[White "Macieja, Bartlomiej"]
[Black "Piorun, Kacper"]
[Result "0-1"]
[WhiteElo "2607"]
[BlackElo "2464"]
[PlyCount "152"]
[EventDate "2009.??.??"]

1. e4 e6 2. d4 d5 3. Nc3 Nf6 4. e5 Nfd7 5. f4 c5 6. Nf3 Nc6 7. Be3 a6 8. a3
cxd4 9. Nxd4 Bc5 10. Qd2 O-O 11. g3 Qc7 12. Bg2 Nxd4 13. Bxd4 Nb6 14. Ne2 Bd7
15. b3 Bb5 16. Bxc5 Qxc5 17. Nd4 a5 18. a4 Ba6 19. Bf1 Nd7 20. Bxa6 bxa6 21.
O-O Nb8 22. Rf2 Rc8 23. Rd1 Nc6 24. Nxc6 Rxc6 25. Qe2 Rac8 26. Rd2 g6 27. g4
Qb6 28. Kg2 Rc3 29. Rf3 Qb4 30. h3 Rxf3 31. Kxf3 Qb6 32. Qe3 Rc5 33. f5 Qc6 34.
f6 Rc3 35. Rd3 Rxd3 36. Qxd3 h6 37. Kf2 Qc5+ 38. Ke2 Qc7 39. Qxa6 Qxc2+ 40. Kf1
Qc1+ 41. Kg2 Qd2+ 42. Kf3 Qd1+ 43. Kg2 Qc2+ 44. Kg1 Qb1+ 45. Kh2 Qb2+ 46. Kh1
Qxe5 47. Qxa5 Qxf6 48. Kg2 Qb2+ 49. Kf1 Qxb3 50. Qd8+ Kg7 51. a5 Qf3+ 52. Ke1
Qe3+ 53. Kd1 d4 54. Qb6 e5 55. a6 e4 56. a7 Qg1+ 57. Kd2 e3+ 58. Kd3 Qf1+ 59.
Kxd4 e2 60. Qa5 Qd1+ 61. Kc5 e1=Q 62. Qxe1 Qxe1 63. a8=Q Qc3+ 64. Kd6 Qxh3 65.
Qa1+ Kg8 66. Qa8+ Kh7 67. Qd5 Qa3+ 68. Kd7 Qf8 69. Qf3 f5 70. Ke6 Qe8+ 71. Kf6
Qd8+ 72. Ke6 fxg4 73. Qb7+ Kg8 74. Qf7+ Kh8 75. Qf4 Qe8+ 76. Kd5 Qd7+ 0-1

[Event "66th Mens Championship of Poland"]
[Site "Chotowa"]
[Date "2009.02.04"]
[Round "9.5"]
[White "Bartel, Mateusz"]
[Black "Mista, Aleksander"]
[Result "0-1"]
[WhiteElo "2594"]
[BlackElo "2559"]
[PlyCount "92"]
[EventDate "2009.??.??"]

1. d4 d5 2. c4 dxc4 3. e4 Nc6 4. Nf3 Bg4 5. d5 Ne5 6. Bf4 Ng6 7. Be3 Nf6 8. Nc3
e5 9. Bxc4 a6 10. h3 Bd7 11. h4 h5 12. Ng5 Bd6 13. f3 O-O 14. Ne6 fxe6 15. dxe6
Kh8 16. exd7 Qxd7 17. Qb3 b5 18. Be6 Qe8 19. O-O-O Rd8 20. Kb1 c5 21. Bf5 c4
22. Qc2 Ne7 23. g4 b4 24. Ne2 Nxf5 25. gxf5 Qb5 26. Bg5 Be7 27. Nc1 a5 28. Rxd8
Rxd8 29. Rg1 c3 30. Rd1 Rxd1 31. Qxd1 cxb2 32. Kxb2 Qc5 33. Nd3 Qd4+ 34. Kb1 a4
35. Nb2 Qxd1+ 36. Nxd1 Ng8 37. Bxe7 Nxe7 38. Nb2 g5 39. hxg5 h4 40. Nd3 h3 41.
Nf2 h2 42. Kc2 Kg8 43. Kd3 Nc6 44. Kc4 b3 45. Kc3 Nb4 46. a3 b2 0-1

[Event "66th Mens Championship of Poland"]
[Site "Chotowa"]
[Date "2009.02.05"]
[Round "10.1"]
[White "Olszewski, Michal"]
[Black "Miton, Kamil"]
[Result "0-1"]
[WhiteElo "2517"]
[BlackElo "2595"]
[PlyCount "116"]
[EventDate "2009.??.??"]

1. e4 e5 2. Nf3 Nc6 3. Bb5 a6 4. Ba4 Nf6 5. O-O Be7 6. Re1 b5 7. Bb3 d6 8. c3
O-O 9. h3 Bb7 10. d4 Re8 11. Nbd2 Bf8 12. Bc2 Nb8 13. a4 Nbd7 14. Bd3 c6 15. b3
Qc7 16. Bb2 g6 17. Qc2 Nh5 18. Bf1 Nf4 19. Rac1 Ne6 20. b4 Qb6 21. Ra1 Rac8 22.
Nb3 Bg7 23. Red1 Red8 24. axb5 cxb5 25. d5 Nf4 26. Na5 Ba8 27. Qb3 Nf6 28. Nd2
Bh6 29. c4 N4h5 30. Qf3 Ne8 31. g3 Neg7 32. Ndb3 bxc4 33. Bxc4 Kh8 34. Nc6 Bxc6
35. dxc6 Qxb4 36. Bd5 f5 37. Rxa6 Nf6 38. Ra7 Nxd5 39. exd5 Qc4 40. Qc3 Qe2 41.
Re1 Qb5 42. Ra5 Qb6 43. Nd2 Bxd2 44. Qxd2 Nh5 45. Kg2 Nf6 46. f4 Kg8 47. fxe5
dxe5 48. Qc3 f4 49. Qxe5 Re8 50. Qxf6 f3+ 51. Kf1 Rxe1+ 52. Kxe1 Qxa5+ 53. Kf1
Qb5+ 54. Kg1 f2+ 55. Qxf2 Rf8 56. Qg2 Qc5+ 57. Kh1 Rf2 58. Ba3 Qd4 0-1

[Event "66th Mens Championship of Poland"]
[Site "Chotowa"]
[Date "2009.02.05"]
[Round "10.2"]
[White "Mista, Aleksander"]
[Black "Swiercz, Dariusz"]
[Result "1-0"]
[WhiteElo "2559"]
[BlackElo "2472"]
[PlyCount "85"]
[EventDate "2009.??.??"]

1. e4 e6 2. Nf3 d5 3. Nc3 Nf6 4. e5 Nfd7 5. d4 c5 6. dxc5 Nc6 7. Bf4 Nxc5 8.
Bd3 Be7 9. h4 a6 10. a3 Bd7 11. h5 h6 12. Rh3 Qb6 13. Rb1 Nxd3+ 14. cxd3 O-O
15. Rg3 Kh7 16. d4 Rg8 17. Qd3+ Kh8 18. Qd2 Bf8 19. Kf1 Na5 20. Kg1 Rc8 21. Bg5
Be8 22. Bh4 Qc7 23. Nh2 Nb3 24. Qe3 Qb6 25. Rd1 Rc4 26. Ne2 Ba4 27. Ng4 Nc5 28.
Nf6 gxf6 29. Bxf6+ Kh7 30. dxc5 Rxg3 31. Qxg3 Qxb2 32. Qd3+ Re4 33. Rd2 Qa1+
34. Kh2 Bb5 35. Qc2 Kg8 36. Nc3 Re1 37. Rd4 Rh1+ 38. Kg3 Bxc5 39. Rg4+ Kf8 40.
Nxb5 b6 41. Nd4 Qxa3+ 42. Nf3 Rxh5 43. Ra4 1-0

[Event "66th Mens Championship of Poland"]
[Site "Chotowa"]
[Date "2009.02.05"]
[Round "10.3"]
[White "Piorun, Kacper"]
[Black "Bartel, Mateusz"]
[Result "0-1"]
[WhiteElo "2464"]
[BlackElo "2594"]
[PlyCount "68"]
[EventDate "2009.??.??"]

1. d4 d5 2. c4 e6 3. Nc3 Bb4 4. e3 Nf6 5. Bd3 O-O 6. Nf3 c5 7. O-O Nc6 8. a3
Bxc3 9. bxc3 dxc4 10. Bxc4 Qc7 11. a4 Rd8 12. Ba3 b6 13. Qe2 Bb7 14. Rab1 Ng4
15. g3 Nf6 16. dxc5 Na5 17. Ba6 Be4 18. Rb2 bxc5 19. Nd2 Bc6 20. Bxc5 Bxa4 21.
Bb4 Nc6 22. Qc4 Qd7 23. Ba3 Ne5 24. Qd4 Qc7 25. Qxa4 Rxd2 26. f4 Rxb2 27. Bxb2
Neg4 28. c4 Nxe3 29. Bxf6 gxf6 30. Rb1 Rd8 31. Qa3 Nc2 32. Qf3 Qc5+ 33. Qf2 Nd4
34. h3 Nf3+ 0-1